000 00220nam a22000977a 4500
999 _c16244
_d16244
003 OSt
008 200625b ||||| |||| 00| 0 eng d
100 _aThakazhi
_94366
245 _aDharmaneethiyo Alla Jeevitham
942 _cBK